Indonesia Historical Figure #3 - Statistics

General Stats
  • This quiz has been taken 43 times
  • The average score is 6 of 15
Answer Stats
Picture Answer % Correct
Pattimura
100%
Fatmawati
67%
Abdul Haris Nasution
56%
Mohammad Yamin
56%
Cut Nyak Meutia
44%
Sultan Agung
42%
Gatot Subroto
36%
Pakubuwono X
36%
Ismail Marzuki
33%
Ali Sadikin
28%
Wahid Hasyim
28%
Hugeng Imam Santoso
22%
Otto Iskandardinata
22%
Tirto Adhi Suryo
22%
Ali Sastroamijoyo
17%
No matching quizzes found
Score Distribution
Percent of People with Each Score
Percentile by Number Answered
Your Score History
You have not taken this quiz